01013nam a2200229 a 4500001001000000003000500010005001700015008004100032010001100073011001100084040000900095100003800104245023600142260004100378500006000419502011300479650002500592650002300617650003500640650003800675856007000713000111428CHAP20240530181905.0150410s2014 mx a |sm |||||||spa d a107890 a108862 cCHAP1 aLaureano López, Bernabéd198610aElavoración y caracterización de pelicula biodegradables a base de mucilago de nopal (Opuntia spp.) en combinaciones con otros polímeros y adicionadas con un extracto antifúngicoh[En línea]cpor Bernabe Laureano López. aChapingo, Méx. :bEl autor,c2014. aPara ver el contenido del material haga clic en la liga aTesis (M. C. en Ciencia y Tecnología Agroalimentaria) -- UACH. Departamento de Ingeniería Agroindustrial14aExtractos vegetales.14aNopalxMucílago.14aPapayaxMateriales de empaque.14aPapayaxTecnología postcosecha. aFinding aiduhttp://10.13.5.2/tesis/sist111428.pdfzTeclea aquí